|
|
|
|
| LEADER |
01084nam a2200301 a 4500 |
| 001 |
4273 |
| 003 |
BD-DhAAL |
| 005 |
20150617091517.0 |
| 008 |
150617s1998 nyua 001 0 eng |
| 010 |
|
|
|a 98038031
|
| 020 |
|
|
|a 0684856093
|
| 040 |
|
|
|a DLC
|c DLC
|d DLC
|d BD-DhAAL
|
| 050 |
0 |
0 |
|a BJ1661
|b .C666 1998
|
| 082 |
0 |
0 |
|a 158/.0835
|2 21
|
| 100 |
1 |
|
|a Covey, Sean.
|9 12170
|
| 245 |
1 |
4 |
|a The 7 habits of highly effective teens :
|b the ultimate teenage success guide /
|c Sean Covey.
|
| 246 |
3 |
|
|a Seven habits of highly effective teens
|
| 260 |
|
|
|a New York :
|b Simon & Schuster,
|c c1998.
|
| 300 |
|
|
|a 268 p. :
|b ill. ;
|c 24 cm.
|
| 500 |
|
|
|a "A Fireside book."
|
| 500 |
|
|
|a Includes index.
|
| 541 |
|
|
|e 4273
|
| 650 |
|
0 |
|a Teenagers
|x Conduct of life.
|9 12171
|
| 650 |
|
0 |
|a Success
|x Psychological aspects.
|9 12172
|
| 650 |
|
0 |
|a Teenagers
|x Life skills guides.
|9 12173
|
| 942 |
|
|
|2 ddc
|c BK
|
| 999 |
|
|
|c 34754
|d 34754
|
| 952 |
|
|
|0 0
|1 0
|2 ddc
|4 0
|6 158_000000000000000__0835_COV
|7 0
|9 54357
|a SCL
|b SCL
|c GEN
|d 2015-06-17
|g 715.00
|l 11
|m 46
|o 158.0835 COV
|p 3020004273
|r 2020-03-10
|s 2020-01-16
|t 1
|w 2015-06-17
|y BK
|